Opening Pandora's box (Record no. 74512)

MARC details
000 -LEADER
fixed length control field 01429cab a2200229 4500
001 - CONTROL NUMBER
control field ##ABS68163
008 - FIXED-LENGTH DATA ELEMENTS--GENERAL INFORMATION
fixed length control field 040826n2004 000 0 eng u
035 ## - SYSTEM CONTROL NUMBER
System control number (Sirsi) u127168
041 0# - LANGUAGE CODE
Language code of text/sound track or separate title eng
100 1# - MAIN ENTRY--PERSONAL NAME
Personal name Mitchell, H.
245 00 - TITLE STATEMENT
Title Opening Pandora's box
Remainder of title the Method of Measurement for Highway Works (MMHW)
-- Part five
-- Is it covered?
260 ## - PUBLICATION, DISTRIBUTION, ETC.
Date of publication, distribution, etc. 2004
490 #0 - SERIES STATEMENT
Series statement Civil Engineering Surveyor
Volume/sequential designation July/August 2004, 30-31(2)
520 ## - SUMMARY, ETC.
Summary, etc. Highlights the unique quality of MMHW whereby it includes detailed item coverage for matters that are to be covered by the items. Outlines the principles of item coverage as a list of matters that the contractor is required to include for in his price for the item, always provided that the listed matter is applicable for the contract, as not all items are on every occasion. Warns, using an example, against use of item coverage as a shopping list of matters which must be included by the contractor, regardless of the contract. (See also Abs67769, Abs67770, Abs67964).
590 ## - LOCAL NOTE (RLIN)
Local note ABS
650 24 - SUBJECT ADDED ENTRY--TOPICAL TERM
Topical term or geographic name entry element BUILT ENVIRONMENT-QUANTITY SURVEYING-METHOD OF MEASUREMENT FOR HIGHWAY WORKS
650 24 - SUBJECT ADDED ENTRY--TOPICAL TERM
Topical term or geographic name entry element BUILT ENVIRONMENT-QUANTITY SURVEYING-METHOD OF MEASUREMENT FOR ROADS AND BRIDGES
650 24 - SUBJECT ADDED ENTRY--TOPICAL TERM
Topical term or geographic name entry element BUILT ENVIRONMENT-QUANTITY SURVEYING-STANDARD METHOD OF MEASUREMENT FOR CIVIL ENGINEERING QUANTITIES
651 #4 - SUBJECT ADDED ENTRY--GEOGRAPHIC NAME
Geographic name United Kingdom
Chronological subdivision
690 ## - LOCAL SUBJECT ADDED ENTRY--TOPICAL TERM (OCLC, RLIN)
Topical term or geographic name as entry element Quantity surveying
9 (RLIN) 6263
942 ## - ADDED ENTRY ELEMENTS (KOHA)
Suppress in OPAC 0
Holdings
Withdrawn status Lost status Source of classification or shelving scheme Damaged status Not for loan Home library Current library Shelving location Date acquired Total Checkouts Full call number Barcode Date last seen Copy number Price effective from Koha item type
    Dewey Decimal Classification     London London Journal article 26/08/2004   ABS68163 127168-1001 06/08/2019 1 06/08/2019 Journal article